000 00784nam a2200253 i 4500
001 76911
003 ES-MaACL
005 20250727033921.0
007 t|
008 041005s1979 sp ||||1| spa d
100 1 _aGurley, John G.
_960983
245 1 0 _aDesafíos al capitalismo
_b: Marx, Lenin y Mao /
_cJohn G. Gurley ; traducción de Carlos Román y Gumersindo Ruiz.
250 _a[1ª ed.].
260 _aBarcelona :
_bAriel,
_c[1979]
300 _a243 p. ;
_c18 cm.
490 1 _aAriel quincenal
650 7 _aComunismo
_2embne
_911211
650 0 4 _aCapitalismo.
_910760
700 1 _aRuiz, Gumersindo.
_9100609
700 1 _aRomán, Carlos (
_d1944-)
_9152487
830 0 _aAriel quincenal
_9180806
852 _aES-MaACL
_jF-11473
_bR.100661
999 _c76911
_d76911